[Event "49th Capablanca Mem Open I 2014"]
[Site "Havana CUB"]
[Date "2014.05.14"]
[Round "6.23"]
[White "Martinez Duany, Lelys Stanley"]
[Black "Fernandez Guillen, Ernesto J."]
[Result "1-0"]
[WhiteTitle "GM"]
[BlackTitle "FM"]
[WhiteElo "2464"]
[BlackElo "2292"]
[WhiteFideId "3504727"]
[BlackFideId "3512428"]
[EventDate "2014.04.08"]

1. d4 Nf6 2. Nf3 e6 3. c4 b6 4. a3 Bb7 5. Nc3 Be7 6. Qc2 O-O 7. e4 d6 8. Be2
Nbd7 9. O-O e5 10. b4 Re8 11. Bb2 Bf8 12. dxe5 dxe5 13. Rfd1 Qc8 14. Nd5 c5 15.
b5 Nxd5 16. cxd5 Bd6 17. Nd2 Qd8 18. Nc4 Bf8 19. Bg4 Bc8 20. a4 Qg5 21. Bf5 g6
22. Ra3 Bg7 23. Nd6 Rd8 24. Rf3 Qe7 25. Nxc8 Raxc8 26. d6 Qe8 27. Bh3 Ra8 28.
Qc4 Nf8 29. Rdd3 h6 30. g3 Rab8 31. Bg4 Ra8 32. h4 Rab8 33. Qd5 Ra8 34. h5 g5
35. Qc4 Rab8 36. Bc3 Ra8 37. Rd5 Nd7 38. Rf5 Kh8 39. Rd2 f6 40. Bd1 Qg8 41. Bb3
Qe8 42. Bd1 Rac8 43. Rf3 Qg8 44. Be2 Qxc4 45. Bxc4 Rb8 46. Kg2 Nf8 47. Kh3 Rb7
48. Kg4 Nh7 49. Kf5 Bf8 50. Rfd3 Rbd7 51. Be6 Rxd6 52. Rxd6 Rxd6 53. Rxd6 Bxd6
54. Bc4 Kg7 55. Ke6 Bb8 56. Kd7 g4 57. Kc8 Bd6 58. Kb7 Kf8 59. Kxa7 Ke8 60. Be1
Be7 61. Kb7 Bd8 62. Kc6 f5 63. Kd6 1-0

[Event "49th Capablanca Mem Open I 2014"]
[Site "Havana CUB"]
[Date "2014.05.14"]
[Round "6.24"]
[White "Pozo Vera, Sandro"]
[Black "Girones Barrios, Yans Richard"]
[Result "1/2-1/2"]
[WhiteTitle "GM"]
[BlackTitle "FM"]
[WhiteElo "2452"]
[BlackElo "2274"]
[WhiteFideId "3507203"]
[BlackFideId "3506142"]
[EventDate "2014.04.08"]

1. d4 Nf6 2. c4 e6 3. Nc3 Bb4 4. Nf3 c5 5. e3 cxd4 6. exd4 d5 7. Bd3 dxc4 8.
Bxc4 O-O 9. O-O Nbd7 10. Bg5 Bxc3 11. bxc3 Qc7 12. Bd3 b6 13. c4 Bb7 14. Re1
Rfe8 15. Qe2 h6 16. Bh4 Nh5 17. Qe3 Qf4 18. Bg3 Qxe3 19. fxe3 Nxg3 20. hxg3 Rac8
21. a4 a5 22. Nd2 Rc7 23. Rab1 Rec8 24. Rb2 g6 25. Nb1 Kg7 26. Na3 Ba6 27. Rc1
e5 28. Nb5 Bxb5 29. Rxb5 exd4 30. exd4 Rc6 31. Rcb1 Rd6 32. Rd5 1/2-1/2

[Event "49th Capablanca Mem Open I 2014"]
[Site "Havana CUB"]
[Date "2014.05.14"]
[Round "6.25"]
[White "Fernandez Cardoso, Alexey"]
[Black "Larrua Gonzalez, Fernando Oscar"]
[Result "1-0"]
[WhiteTitle "IM"]
[BlackTitle "FM"]
[WhiteElo "2450"]
[BlackElo "2298"]
[WhiteFideId "3504379"]
[BlackFideId "3510662"]
[EventDate "2014.04.08"]

1. e4 c5 2. Nf3 Nc6 3. d4 cxd4 4. Nxd4 Nf6 5. Nc3 g6 6. Be3 Bg7 7. Nxc6 bxc6 8.
e5 Ng8 9. Bd4 Nh6 10. e6 O-O 11. Bxg7 Kxg7 12. Qd4+ f6 13. exd7 Qxd7 14. Qxd7
Bxd7 15. O-O-O Rfd8 16. Ba6 Nf7 17. f3 Be8 18. Rde1 e5 19. Ne4 f5 20. Nc5 Rd6
21. Re3 Kf6 22. Rhe1 Rd5 23. Nd3 Rad8 24. Bc4 Rd4 25. Bxf7 Bxf7 26. Nxe5 R8d6
27. b3 h5 28. Nd3 g5 29. Re7 Bg6 30. Nc5 Bf7 31. Rxa7 g4 32. Nd3 Bd5 33. Rh7 Rd8
34. Ne5 gxf3 35. gxf3 Rh4 36. Re2 Rg8 37. c4 Rg1+ 38. Kb2 Rh1 39. Rh6+ Kg5 40.
Rg6+ Kf4 41. Rgg2 1-0

[Event "49th Capablanca Mem Open I 2014"]
[Site "Havana CUB"]
[Date "2014.05.14"]
[Round "6.26"]
[White "Vega Chirino, Lemay"]
[Black "Georgiadis, Nico"]
[Result "0-1"]
[WhiteTitle "FM"]
[BlackTitle "IM"]
[WhiteElo "2282"]
[BlackElo "2446"]
[WhiteFideId "3502252"]
[BlackFideId "1300113"]
[EventDate "2014.04.08"]

1. e4 c5 2. Nf3 d6 3. d4 cxd4 4. Nxd4 Nf6 5. Nc3 Nc6 6. Bg5 a6 7. Qd2 Nxd4 8.
Qxd4 Qa5 9. Bd2 Qc7 10. O-O-O e6 11. f3 b5 12. Bg5 Be7 13. Kb1 Bb7 14. Qd2 Rc8
15. h4 b4 16. Ne2 h6 17. Bxf6 Bxf6 18. Nf4 g6 19. g4 Ke7 20. Be2 a5 21. g5 Bg7
22. Bd3 Qc5 23. Ne2 d5 24. e5 d4 25. Be4 Bxe4 26. fxe4 Qxe5 27. Nc1 hxg5 28. Nd3
Qg3 29. hxg5 Rxh1 30. Rxh1 Rb8 31. a4 b3 32. Qxa5 bxc2+ 33. Ka2 Rc8 34. Qb4+ Qd6
35. Qxd6+ Kxd6 36. Rf1 Bf8 37. Rxf7 Be7 38. e5+ Kd7 39. Rf4 c1=Q 40. Rxd4+ Ke8
41. Nxc1 Rxc1 42. b4 Bxg5 43. Rg4 Be7 44. Rxg6 Kd7 45. Rg4 Re1 46. Rd4+ Kc6 47.
Kb3 Rxe5 48. Rc4+ Kd5 49. Rg4 Re3+ 50. Kc2 Re4 51. Rxe4 Kxe4 52. Kc3 Kd5 53. a5
Bd8 54. Kd3 e5 55. Ke3 e4 56. Ke2 Kd4 57. Kd2 Be7 0-1

[Event "49th Capablanca Mem Open I 2014"]
[Site "Havana CUB"]
[Date "2014.05.14"]
[Round "6.28"]
[White "Alarcon Casellas, Rolando"]
[Black "Ochoa de la Rosa, Manuel Dario"]
[Result "1/2-1/2"]
[WhiteTitle "IM"]
[WhiteElo "2394"]
[BlackElo "2275"]
[WhiteFideId "3507610"]
[BlackFideId "3509540"]
[EventDate "2014.04.08"]

1. e4 c5 2. Nf3 e6 3. d4 cxd4 4. Nxd4 Nc6 5. Nc3 Qc7 6. Be3 Nf6 7. Qd2 a6 8. f3
Ne5 9. O-O-O b5 10. Kb1 Bb7 11. Nb3 Be7 12. Qf2 Rc8 13. Bb6 Qb8 14. Ba7 Qc7 15.
Bb6 Qb8 16. Ba7 1/2-1/2

[Event "49th Capablanca Mem Open I 2014"]
[Site "Havana CUB"]
[Date "2014.05.14"]
[Round "6.29"]
[White "Hernandez Fernandez, Ramon A."]
[Black "Souleidis, Georgios"]
[Result "1/2-1/2"]
[WhiteTitle "FM"]
[BlackTitle "IM"]
[WhiteElo "2293"]
[BlackElo "2387"]
[WhiteFideId "3503909"]
[BlackFideId "4206827"]
[EventDate "2014.04.08"]

1. e4 d6 2. d4 Nf6 3. Nc3 e5 4. Nf3 Nbd7 5. Bc4 Be7 6. O-O Nb6 7. Bd3 exd4 8.
Nxd4 O-O 9. f4 d5 10. e5 Bc5 11. Be2 Ne4 12. Be3 f6 13. Nxe4 dxe4 14. Nf5 Bxe3+
15. Nxe3 fxe5 16. fxe5 Be6 17. Qxd8 Raxd8 18. Rad1 Rxf1+ 19. Rxf1 Na4 20. Rf4
Nxb2 21. Rxe4 c5 22. Bg4 Kf7 23. Nf5 Bxf5 24. Bxf5 g6 25. Bd7 Ke7 26. e6 b6 27.
Rh4 Rh8 28. Rf4 Rf8 29. Rh4 h5 30. Re4 Nd1 31. a4 Nc3 32. Re5 Rf5 33. Rxf5 gxf5
34. Kf2 Ne4+ 35. Kf3 Ng5+ 36. Kf4 Nxe6+ 37. Bxe6 Kxe6 38. c4 Kf6 39. g3 a6 40.
Kf3 Kg5 41. h3 Kg6 42. Kf4 Kf6 43. Kf3 Kg5 44. Ke3 Kf6 45. Kf3 Ke5 46. Ke3 Kd6
47. Kf4 b5 48. axb5 axb5 49. Kxf5 b4 50. Ke4 Ke6 51. Kd3 Kf5 52. Ke3 Ke5 53. Kd3
h4 54. g4 Kf4 55. Kc2 Ke4 56. Kb2 Kd4 57. Kb3 Ke4 58. Kb2 Ke5 59. Kc2 Kd4 60.
Kb3 1/2-1/2

[Event "49th Capablanca Mem Open I 2014"]
[Site "Havana CUB"]
[Date "2014.05.14"]
[Round "6.30"]
[White "Estrada Nieto, Julian"]
[Black "Fernandez Hernandez, Arturo A."]
[Result "1-0"]
[WhiteTitle "IM"]
[BlackTitle "FM"]
[WhiteElo "2288"]
[BlackElo "2367"]
[WhiteFideId "5101018"]
[BlackFideId "3509230"]
[EventDate "2014.04.08"]

1. e4 d6 2. d4 g6 3. Nf3 Bg7 4. Nc3 a6 5. a4 b6 6. Be2 Bb7 7. O-O e6 8. Bf4 Nd7
9. Re1 Ne7 10. Qd2 h6 11. h4 Nf6 12. Bf1 Ng4 13. Bg3 O-O 14. Rad1 Qe8 15. Bd3
Nc6 16. Bc4 Rd8 17. d5 Nb8 18. e5 c6 19. dxe6 d5 20. exf7+ Qxf7 21. Qd4 Bc8 22.
Qxb6 Be6 23. Bd3 Rd7 24. a5 Rb7 25. Bxg6 Qe7 26. Qd4 Rb4 27. Qd3 Nd7 28. h5 Rxb2
29. Qxa6 Nxf2 30. Bh4 Nh3+ 31. gxh3 Qc5+ 32. Bf2 Qxc3 33. Re3 Qb4 34. Qxc6 Bxh3
35. Qxd5+ Kh8 36. Qd4 Qb7 37. Be4 Qb8 38. Qd6 Rb1 39. Rxb1 Qxb1+ 40. Re1 Qb5 41.
Qg6 Kg8 42. Qh7+ Kf7 43. Bg6+ Ke7 44. Bh4+ Ke6 45. Nd4+ Kd5 46. Nxb5 Bxe5 47.
Bd3 Rf4 48. Qg8+ 1-0

[Event "49th Capablanca Mem Open I 2014"]
[Site "Havana CUB"]
[Date "2014.05.14"]
[Round "6.31"]
[White "Ordaz Valdes, Lisandra Teresa"]
[Black "Duran Vega, Sergio"]
[Result "1-0"]
[WhiteTitle "WGM"]
[BlackTitle "FM"]
[WhiteElo "2365"]
[BlackElo "2252"]
[WhiteFideId "3506940"]
[BlackFideId "6501311"]
[EventDate "2014.04.08"]

1. d4 Nf6 2. c4 e6 3. Nc3 Bb4 4. Qc2 O-O 5. a3 Bxc3+ 6. Qxc3 b6 7. Bg5 h6 8. Bh4
Ba6 9. e3 d6 10. Bd3 Nbd7 11. Ne2 c5 12. O-O Rc8 13. Rac1 cxd4 14. exd4 d5 15.
Qb3 dxc4 16. Bxc4 Bxc4 17. Rxc4 Rxc4 18. Qxc4 Qa8 19. Rc1 Qe4 20. Bg3 Nd5 21.
Bd6 Rd8 22. Ng3 Qg6 23. Qa6 N7f6 24. Qxa7 Qg5 25. Rd1 Ng4 26. Ne4 Qg6 27. Re1
Rc8 28. Qa6 Rc2 29. Qd3 Rxb2 30. Bg3 h5 31. Qf3 f5 32. Nc3 Qf7 33. Nxd5 exd5 34.
h3 Nh6 35. Bd6 Kh7 36. Qc3 Rb5 37. Bb4 Qa7 38. Re7 Qa4 39. Qd2 Qb3 40. Kh2 Qc4
41. Qg5 Qxd4 42. Bd6 1-0

[Event "49th Capablanca Mem Open I 2014"]
[Site "Havana CUB"]
[Date "2014.05.14"]
[Round "6.32"]
[White "Hernandez Gonzalez, William"]
[Black "Gil Alba, Hector Luis"]
[Result "1/2-1/2"]
[WhiteTitle "FM"]
[BlackTitle "FM"]
[WhiteElo "2356"]
[BlackElo "2244"]
[WhiteFideId "3509915"]
[BlackFideId "3504670"]
[EventDate "2014.04.08"]

1. e4 c5 2. Nf3 e6 3. d4 cxd4 4. Nxd4 Nc6 5. g3 Nf6 6. Bg2 Qa5+ 7. c3 Nxd4 8.
Qxd4 Bc5 9. Qd3 Qb6 10. Qe2 e5 11. O-O O-O 12. Nd2 Re8 13. Nb3 Bf8 14. Bg5 h6
15. Bxf6 Qxf6 16. Bh3 b6 17. Rfd1 Rd8 18. Rd5 a5 19. Qe1 a4 20. Nd2 Bc5 21. Rd1
Bb7 22. Rxd7 Bc6 23. Rxd8+ Rxd8 24. Bg4 g6 25. Nf1 Rxd1 26. Bxd1 Bxe4 27. Nd2
Bc6 28. Bc2 Kg7 29. Be4 Bd7 30. Bg2 Be6 31. Ne4 Qe7 32. Nxc5 Qxc5 1/2-1/2

[Event "49th Capablanca Mem Open I 2014"]
[Site "Havana CUB"]
[Date "2014.05.14"]
[Round "6.33"]
[White "Diaz Perez, Michel Alejandro"]
[Black "Perez Garcia, Rodney Oscar"]
[Result "1/2-1/2"]
[WhiteTitle "FM"]
[BlackTitle "IM"]
[WhiteElo "2250"]
[BlackElo "2355"]
[WhiteFideId "3517179"]
[BlackFideId "3500918"]
[EventDate "2014.04.08"]

1. c4 c6 2. e4 d5 3. exd5 cxd5 4. cxd5 Nf6 5. Nc3 Nxd5 6. d4 e6 7. Nf3 Be7 8.
Bc4 Nc6 9. O-O O-O 10. Re1 a6 11. Bb3 Re8 12. Qd3 Ncb4 13. Qe2 Nf6 14. Bg5 Bd7
15. a3 Nbd5 16. Nxd5 exd5 17. Ne5 Be6 18. Ba4 b5 19. Nc6 Qd6 20. Nxe7+ Qxe7 21.
Bc2 h6 22. Bh4 Rac8 23. Qd3 Rc6 24. f3 Rec8 25. Bb3 Qd7 26. Re5 Nh7 27. Rae1 Nf8
28. Bg3 Ng6 29. R5e2 Rc1 30. Qd2 Rxe1+ 31. Rxe1 Bf5 32. Rc1 Ne7 33. Rc3 Be6 34.
Qc1 Rxc3 35. Qxc3 Nf5 36. Qc5 Qd8 1/2-1/2

[Event "49th Capablanca Mem Open I 2014"]
[Site "Havana CUB"]
[Date "2014.05.14"]
[Round "6.34"]
[White "Martinez Ramirez, Lennis"]
[Black "Rodriguez, Adrien"]
[Result "1-0"]
[WhiteTitle "FM"]
[WhiteElo "2330"]
[BlackElo "2184"]
[WhiteFideId "3509079"]
[BlackFideId "20691866"]
[EventDate "2014.04.08"]

1. e4 c5 2. Nf3 d6 3. d4 cxd4 4. Nxd4 Nf6 5. Nc3 a6 6. Bc4 e6 7. O-O Be7 8. Qf3
Qc7 9. Bb3 O-O 10. a4 Nc6 11. Rd1 Na5 12. Bg5 Nxb3 13. Nxb3 b6 14. Qg3 Rd8 15.
Rd3 Bb7 16. Qh4 Kf8 17. Nd4 h6 18. Bxh6 gxh6 19. Qxh6+ Ke8 20. e5 Ng4 21. Qh5
Nxe5 22. Nxe6 Qc6 23. Nd5 Rdc8 24. Re1 Qxd5 25. Rxd5 Bxd5 26. Ng7+ Kd8 27. f4
Rxc2 28. fxe5 Rxg2+ 29. Kf1 Rg5 30. Qh8+ Kc7 31. exd6+ Bxd6 32. Ne8+ Rxe8 33.
Rxe8 Bc4+ 34. Kf2 Rf5+ 35. Ke3 Bc5+ 36. Ke4 Be6 37. Ra8 Rd5 38. Ra7+ 1-0

[Event "49th Capablanca Mem Open I 2014"]
[Site "Havana CUB"]
[Date "2014.05.14"]
[Round "6.35"]
[White "Pazos Gambarrotti, Plinio"]
[Black "Batista Suarez, Jeorling Yahytin"]
[Result "1/2-1/2"]
[WhiteTitle "IM"]
[BlackTitle "FM"]
[WhiteElo "2240"]
[BlackElo "2305"]
[WhiteFideId "3600068"]
[BlackFideId "3504697"]
[EventDate "2014.04.08"]

1. e4 c5 2. Nf3 e6 3. d4 cxd4 4. Nxd4 a6 5. Bd3 Nc6 6. Nxc6 bxc6 7. O-O d5 8.
Qe2 Nf6 9. Nd2 Be7 10. b3 O-O 11. Bb2 Nd7 12. c4 Bf6 13. e5 Be7 14. Rad1 g6 15.
Nf3 Bb7 16. Bb1 a5 17. Rd4 c5 18. Rg4 d4 19. Be4 Bxe4 20. Qxe4 Ra6 21. Qe2 Qb8
22. Re4 a4 23. Nd2 axb3 24. axb3 Ra2 25. Rb1 Rd8 26. h4 Bf8 27. f4 Bg7 28. Qd3
f5 29. Re2 Bh6 30. g3 Qb4 31. Nf3 Rda8 32. h5 Nf8 33. Rh2 gxh5 34. Rxh5 Bg7 35.
Rh2 h6 36. Rg2 Rb8 37. Nd2 Ng6 38. Qf3 Qb7 39. Qh5 Qf7 40. Qf3 Kh7 41. Qd3 Bf8
42. Rh2 Be7 43. Nf3 Qg7 44. Bc1 Rxh2 45. Kxh2 Bf8 46. Bd2 Qb7 47. b4 Qe4 48. Rb3
Be7 49. b5 Bd8 50. Be1 Ra8 51. Ra3 Rxa3 52. Qxa3 Qe2+ 53. Kg1 d3 54. Qa8 Qe3+
55. Kg2 Qe2+ 56. Kg1 Qe3+ 57. Kg2 Qe2+ 1/2-1/2

[Event "49th Capablanca Mem Open I 2014"]
[Site "Havana CUB"]
[Date "2014.05.14"]
[Round "6.36"]
[White "Forgas Moreno, Yaniela"]
[Black "Olivares Canelles, Francisco"]
[Result "0-1"]
[WhiteTitle "WFM"]
[BlackTitle "FM"]
[WhiteElo "2158"]
[BlackElo "2305"]
[WhiteFideId "3508072"]
[BlackFideId "3504590"]
[EventDate "2014.04.08"]

1. e4 Nf6 2. e5 Nd5 3. d4 d6 4. Nf3 Bg4 5. Be2 Nc6 6. c4 Nb6 7. Nbd2 dxe5 8.
dxe5 e6 9. O-O Qd7 10. a3 Rd8 11. Qb3 Be7 12. Qe3 O-O 13. b4 f5 14. b5 Nb8 15.
a4 Qe8 16. a5 N6d7 17. Qxa7 Nc5 18. a6 b6 19. Qxc7 Nbd7 20. a7 Rc8 21. Qxc8 Qxc8
22. a8=Q Qxa8 23. Rxa8 Rxa8 24. h3 Bh5 25. Re1 Ra2 26. g3 Na4 27. Nd4 Bf7 28.
Bf1 Bb4 29. N4b3 Nc3 30. Re3 g5 31. f4 Bh5 32. Nf3 Nc5 33. Nbd4 N5e4 34. Nxe6
Nxg3 35. Nfd4 Nxf1 36. Kxf1 Ra1 37. Nb3 Rb1 38. Ned4 Na2 39. Rg3 Nxc1 40. Rxg5+
Bg6 41. Nxc1 Rxc1+ 42. Ke2 Rxc4 43. Kd3 Rc3+ 44. Ke2 Be7 45. Rg1 Bc5 46. Rd1
Bh5+ 0-1

[Event "49th Capablanca Mem Open I 2014"]
[Site "Havana CUB"]
[Date "2014.05.14"]
[Round "6.37"]
[White "Yanes Canizares, Alejandro"]
[Black "Esquivel Golcher, Luis"]
[Result "1-0"]
[WhiteTitle "FM"]
[BlackTitle "FM"]
[WhiteElo "2305"]
[BlackElo "2124"]
[WhiteFideId "3506134"]
[BlackFideId "6600174"]
[EventDate "2014.04.08"]

1. Nf3 e6 2. c4 b6 3. g3 Bb7 4. Bg2 f5 5. O-O Nf6 6. d4 Be7 7. d5 Qc8 8. Nc3 Bb4
9. dxe6 Bxc3 10. exd7+ Nbxd7 11. bxc3 O-O 12. Bh3 g6 13. Bh6 Re8 14. Re1 c5 15.
Bf4 Qc6 16. Bg2 Rad8 17. Qc2 Qe4 18. Qa4 Qc6 19. Qb3 Kg7 20. Rad1 Nf8 21. Rxd8
Rxd8 22. Nh4 Ne4 23. Qc2 Qe6 24. f3 Nf6 25. e4 fxe4 26. fxe4 Bc6 27. e5 Ne8 28.
Qf2 Bxg2 29. Bh6+ 1-0

[Event "49th Capablanca Mem Open I 2014"]
[Site "Havana CUB"]
[Date "2014.05.14"]
[Round "6.38"]
[White "Mendez Fortes, Eduardo Jesus"]
[Black "Lopez Gonzalez, Abel Fabian"]
[Result "1/2-1/2"]
[WhiteTitle "FM"]
[WhiteElo "2347"]
[BlackElo "2234"]
[WhiteFideId "3502376"]
[BlackFideId "3512673"]
[EventDate "2014.04.08"]

1. d4 Nf6 2. c4 g6 3. Nc3 Bg7 4. e4 d6 5. Nf3 O-O 6. Be2 e5 7. dxe5 dxe5 8. Qxd8
Rxd8 9. Nd5 Nxd5 10. cxd5 c6 11. dxc6 Nxc6 12. Bg5 f6 13. Bc4+ Kh8 14. Bd2 Bg4
15. Bc3 Bxf3 16. gxf3 Nd4 17. Bxd4 Rxd4 18. b3 Bf8 19. Rd1 Rad8 20. Ke2 Rxd1 21.
Rxd1 Rxd1 22. Kxd1 1/2-1/2

[Event "49th Capablanca Mem Open I 2014"]
[Site "Havana CUB"]
[Date "2014.05.14"]
[Round "6.40"]
[White "Miranda Llanes, Yerisbel"]
[Black "Davila, Carlos"]
[Result "0-1"]
[WhiteTitle "WIM"]
[BlackTitle "IM"]
[WhiteElo "2229"]
[BlackElo "2313"]
[WhiteFideId "3507700"]
[BlackFideId "6100040"]
[EventDate "2014.04.08"]

1. d4 Nf6 2. c4 e6 3. Nc3 Bb4 4. e3 O-O 5. Bd3 c5 6. Nf3 d5 7. O-O dxc4 8. Bxc4
Nbd7 9. Qe2 a6 10. a3 Ba5 11. Rd1 b5 12. Ba2 Bb7 13. dxc5 Bxc3 14. bxc3 Qc7 15.
Bb2 Nxc5 16. c4 Ng4 17. h3 Bxf3 18. Qxf3 Qh2+ 19. Kf1 Ne5 20. Bxe5 Qxe5 21. Rd4
Rab8 22. g3 b4 23. axb4 Rxb4 24. Rad1 g6 25. Rd8 Ne4 26. R1d7 Qf5 27. Qxf5 gxf5
28. f3 Nc5 29. Rxf8+ Kxf8 30. Rd2 a5 31. Ke2 Ke7 32. Kd1 Ra4 33. Rc2 Ra3 34. Kd2
e5 35. Bb1 f4 36. gxf4 exf4 37. Rc3 Rxc3 38. Kxc3 fxe3 39. Bxh7 a4 40. Bc2 a3
41. Bd1 Nd3 42. Kb3 Nf2 0-1

[Event "49th Capablanca Mem Open I 2014"]
[Site "Havana CUB"]
[Date "2014.05.14"]
[Round "6.41"]
[White "Hernandez Moya, Yuleisy"]
[Black "Gutierrez Delgado, Yusuan A."]
[Result "1-0"]
[WhiteTitle "WIM"]
[BlackTitle "FM"]
[WhiteElo "2222"]
[BlackElo "2307"]
[WhiteFideId "3511685"]
[BlackFideId "3508005"]
[EventDate "2014.04.08"]

1. e4 c5 2. Nf3 d6 3. d4 cxd4 4. Nxd4 Nf6 5. Nc3 a6 6. Be3 e6 7. f3 b5 8. Qd2
Nbd7 9. g4 h6 10. h4 b4 11. Nd1 d5 12. Nf2 dxe4 13. fxe4 Bb7 14. O-O-O Nc5 15.
Bg2 Qa5 16. Kb1 O-O-O 17. Qe2 Be7 18. Bf4 Nfd7 19. Nd3 Bxh4 20. Rxh4 g5 21. Rh5
gxf4 22. Nxc5 Nxc5 23. Qc4 Kb8 24. Rxc5 Qb6 25. Rd3 Rc8 26. Nb3 f5 27. Qd4 Ka7
28. gxf5 exf5 29. Rxf5 Qxd4 30. Nxd4 Rhg8 31. Bf3 Rg1+ 32. Rd1 1-0

[Event "49th Capablanca Mem Open I 2014"]
[Site "Havana CUB"]
[Date "2014.05.14"]
[Round "6.42"]
[White "Leon Valdes, Jony Wilson"]
[Black "Bueno Perez, Lazaro Antonio"]
[Result "1/2-1/2"]
[WhiteTitle "FM"]
[BlackTitle "IM"]
[WhiteElo "2306"]
[BlackElo "2225"]
[WhiteFideId "3506177"]
[BlackFideId "3500691"]
[EventDate "2014.04.08"]

1. d4 d5 2. Nf3 Nf6 3. g3 e6 4. Bg2 Be7 5. O-O O-O 6. c4 c6 7. Nc3 Nbd7 8. b3
Ne4 9. Bb2 f5 10. e3 Bd6 11. Ne1 Qe7 12. Ne2 Qg5 13. Nd3 Ndf6 14. f3 Qxe3+ 15.
Kh1 dxc4 16. bxc4 Nd2 17. Qc2 Nxf1 18. Bc1 Nd2 19. Bxd2 Qxe2 20. Re1 Qxe1+ 21.
Bxe1 Bd7 22. Bc3 b5 23. c5 Bc7 24. f4 a5 25. Bd2 Nd5 26. h4 Be8 27. Bf3 Ra7 28.
Kh2 Bd7 29. Kh3 g6 30. Qc1 Bc8 31. Bd1 Nf6 32. Bc3 Nd5 1/2-1/2

[Event "49th Capablanca Mem Open I 2014"]
[Site "Havana CUB"]
[Date "2014.05.14"]
[Round "6.43"]
[White "Perera Alfonso, Rene Humberto"]
[Black "Lebredo Zaragoitia, Gerardo"]
[Result "0-1"]
[WhiteTitle "FM"]
[BlackTitle "IM"]
[WhiteElo "2302"]
[BlackElo "2211"]
[WhiteFideId "3514722"]
[BlackFideId "3500845"]
[EventDate "2014.04.08"]

1. e4 c5 2. Nf3 e6 3. d4 cxd4 4. Nxd4 a6 5. Bd3 Nf6 6. O-O e5 7. Nb3 d6 8. c4
Be7 9. Nc3 O-O 10. Qe2 Nc6 11. Rd1 Nd4 12. Nxd4 exd4 13. Nb1 Ng4 14. Na3 Ne5 15.
Nc2 Qb6 16. b4 Bf6 17. Bb2 Bg4 18. f3 Be6 19. Kh1 Nxd3 20. Qxd3 Rac8 21. Bxd4
Bxc4 22. Qd2 Bxd4 23. Nxd4 g6 24. f4 Rfe8 25. Re1 Bb5 26. f5 Rc4 27. Rad1 Ba4
28. f6 d5 29. exd5 Rxe1+ 30. Qxe1 Qxd4 31. Qg3 Qf4 0-1

[Event "49th Capablanca Mem Open I 2014"]
[Site "Havana CUB"]
[Date "2014.05.14"]
[Round "6.44"]
[White "Fernandez Rivero, Karla July"]
[Black "Enrique Hernandez, Eddy Ernesto"]
[Result "0-1"]
[WhiteTitle "WFM"]
[WhiteElo "2120"]
[BlackElo "2287"]
[WhiteFideId "3517489"]
[BlackFideId "3508765"]
[EventDate "2014.04.08"]

1. d4 Nf6 2. c4 e6 3. Nf3 b6 4. a3 Bb7 5. Nc3 g6 6. Qc2 Bg7 7. e4 d6 8. Bg5 h6
9. Be3 Nbd7 10. h3 Qe7 11. Be2 c5 12. d5 e5 13. Nb5 O-O 14. g4 a6 15. Nc3 Ne8
16. O-O-O Nc7 17. h4 Rfb8 18. Rdg1 Bc8 19. Qd2 Kh7 20. h5 g5 21. Bxg5 hxg5 22.
Nxg5+ Kg8 23. h6 Bh8 24. Nxf7 Qxf7 25. g5 Qf4 26. g6 Qxd2+ 27. Kxd2 Ne8 28. Rg3
Ndf6 29. Ke3 Ra7 30. Nb1 b5 31. cxb5 axb5 32. Nd2 Ba6 33. Nf3 b4 34. Bxa6 Rxa6
35. Ng5 Ng7 36. hxg7 Bxg7 37. Rgh3 bxa3 38. bxa3 Rxa3+ 39. Ke2 Rb2+ 40. Kf1 Rxh3
41. Rxh3 Nd7 42. Ne6 Nf8 43. Ra3 Nxe6 44. dxe6 Rb7 45. Ra8+ Bf8 46. Ke2 Re7 0-1

[Event "49th Capablanca Mem Open I 2014"]
[Site "Havana CUB"]
[Date "2014.05.14"]
[Round "6.45"]
[White "Albornoz Cabrera, Carlos Daniel"]
[Black "Llaudy Pupo, Lisandra"]
[Result "1-0"]
[BlackTitle "WIM"]
[WhiteElo "2194"]
[BlackElo "2246"]
[WhiteFideId "3518736"]
[BlackFideId "3506487"]
[EventDate "2014.04.08"]

1. e4 Nf6 2. e5 Nd5 3. d4 d6 4. c4 Nb6 5. f4 dxe5 6. fxe5 Nc6 7. Be3 Bf5 8. Nc3
e6 9. Nf3 Be7 10. d5 exd5 11. cxd5 Nb4 12. Nd4 Bd7 13. Qf3 c5 14. dxc6 bxc6 15.
Be2 O-O 16. O-O Bg5 17. Bf2 Qe7 18. Qe4 N6d5 19. Nf3 Bh6 20. Nd1 Nf4 21. Bc4
Nbd5 22. Ne3 f5 23. Qc2 Kh8 24. Bxd5 cxd5 25. Rfd1 Rac8 26. Qb3 Rb8 27. Qa3 Qxa3
28. bxa3 Ne2+ 29. Kh1 Nc3 30. Rd3 Ne4 31. Bg1 Rb2 32. Nxd5 Bc8 33. Rb3 Nf2+ 34.
Bxf2 Rxf2 35. Kg1 Rc2 36. Rc3 Rxc3 37. Nxc3 Be3+ 38. Kh1 Bb7 39. Nb5 Bd5 40. Nc7
Bc6 41. Rd1 Rb8 42. e6 g6 43. e7 Kg7 44. h4 Rc8 45. Ne6+ Kf7 46. Rd8 Kxe7 47.
Rxc8 1-0

[Event "49th Capablanca Mem Open I 2014"]
[Site "Havana CUB"]
[Date "2014.05.14"]
[Round "6.46"]
[White "Della Morte, Pablo"]
[Black "Madrigal, Mariano"]
[Result "1-0"]
[WhiteTitle "IM"]
[BlackTitle "IM"]
[WhiteElo "2386"]
[BlackElo "2190"]
[WhiteFideId "108448"]
[BlackFideId "6100961"]
[EventDate "2014.04.08"]

1. e4 c5 2. Nf3 Nc6 3. d4 cxd4 4. Nxd4 g6 5. Nc3 Bg7 6. Be3 Nf6 7. Bc4 Qa5 8.
O-O O-O 9. Nb3 Qc7 10. Be2 d6 11. f4 b6 12. Bf3 Bb7 13. Qe1 Na5 14. Nxa5 bxa5
15. a4 Bc6 16. Rd1 Rab8 17. b3 Rfc8 18. Kh1 Ba8 19. Nb5 Qxc2 20. Bxa7 Bxe4 21.
Nd4 Qb2 22. Bxe4 Rb4 23. Bf3 e6 24. Nc6 Rb7 25. Rb1 1-0